| 000 | 01214nam a2200301 i 4500 | ||
|---|---|---|---|
| 001 | 178805 | ||
| 003 | ES-MaACL | ||
| 005 | 20240129115653.0 | ||
| 008 | 110704s2007 sp aeo |||| |dspa d | ||
| 020 | _a84-611-3199-1 | ||
| 080 | _a77 Sanchidrián Gallego, Jesús María José | ||
| 080 | _a725.963(460.189 A.)(084.12) | ||
| 100 | 1 |
_aSanchidrián Gallego, Jesús María José. _9103003 |
|
| 245 | 1 | 3 |
_aLa muralla de Ávila : _bfotografía histórica y monumental / _cJesús M.ª J. Sanchidrián Gallego. |
| 250 | _a1ª ed. | ||
| 260 |
_aÁvila : _bPiedra Caballera, _c2007. |
||
| 300 |
_a234 p., [20] p. de lám. fot. : _bprincipalmente il., fot. ; _c18 x 25 cm. |
||
| 490 | 1 |
_aEstampas de la tierra de Ávila ; _v4 |
|
| 500 | _aÍndices. | ||
| 504 | _aBibliografía: p. 65-78. | ||
| 600 | 1 | 4 |
_aSanchidrián Gallego, Jesús María José. _9103003 |
| 650 | 4 |
_aMurallas- _zÁvila- _vObras ilustradas. _9147297 |
|
| 651 | 4 |
_aÁvila- _xUsos y costumbres. _9174074 |
|
| 830 | 1 |
_aEstampas de la tierra de Ávila ; _v4 _9191035 |
|
| 852 | 4 |
_aES-MaACL _jA-11301 _9185666 _bR.145496 _cDEPO1 _dOlim: N-4305 _xDonación: Editorial |
|
| 942 |
_2udc _cMONOGRAFIA |
||
| 999 |
_c178805 _d178805 |
||